000 00759nam a2200217 a 4500
001 38260
003 BD-RjUL
005 20211209052747.0
008 151018s1969 ii ||||| |||| 00| 0 ben d
035 _a(BD-RjUL)38365
040 _aBD-RjUL
_bben
_cBD-RjUL
041 _aben
082 _223
_a294.3
_bDAB 1969
100 _aদাশগুপ্ত, শশিভূষন.
_9118278
245 _aবৌদ্ধধর্ম ও চর্যাগীতি /
_cশশিভূষন দাশগুপ্ত.
260 _aকলিকাতা :
_bমিত্র ও ঘোষ,
_c১৯৬৯
300 _a১৩৮ পৃ. ;
_c২৩ সেমি.
650 _aবৌদ্ধ ধর্ম
_9118279
650 _aBuddhism
_9118241
942 _2ddc
_cBK
_01
999 _c38260
_d38260